000 00643nmm a22001817a 4500
003 OSt
005 20240517145403.0
006 eBook
008 240517b |||||||| |||| 00| 0 eng d
040 _cMRSPTU
100 _aVieri Vanghi
245 _acdma2000® System for Mobile Communications, The : 3G Wireless Evolution
250 _a1st
260 _aNew Delhi
_bPearson
_c2004
600 _2Computer Science
856 _3Click here to access the e-book
_uhttps://ebookcentral.proquest.com/lib/gzsptuc/detail.action?docID=5127216&query=cdma2000%C2%AE+System+for+Mobile+Communications%2C+The+%3A+3G+Wireless+Evolution
942 _2ddc
_cEB
_n1
999 _c10326
_d10326